000 00877cam a2200289 4500
001 J93125
008 090401t1998 xxu||||| |||| 00| 0 eng d
020 _a1860811957
035 _a(Sirsi) u87679
041 _aeng
050 _a693.5
110 _aBuilding Research Establishment
245 _aNational concrete frame specification for building construction.
260 _aLondon
_bConstruction Research Communications
_c1998
300 _axiv,39p. ; 30cm.
350 _a19.5
490 _aBR
_v337
650 _aCONCRETE FRAME CONSTRUCTION
650 _aCONCRETE FRAME SPECIFICATION
650 _aSPECIFICATIONS
690 _aBUILT ENVIRONMENT
710 _aUnited Kingdom
_bDepartment of the Environment, Transport and the Regions
_93507
710 _aCONSTRUCT
_93655
710 _aReinforced Concrete Council
_93339
942 _n0
948 _c28/07/1998
999 _c97262
_d97262